<?xml version="1.0" encoding="UTF-8"?>
<record
    xmlns:xsi="http://www.w3.org/2001/XMLSchema-instance"
    xsi:schemaLocation="http://www.loc.gov/MARC21/slim http://www.loc.gov/standards/marcxml/schema/MARC21slim.xsd"
    xmlns="http://www.loc.gov/MARC21/slim">

  <leader>01581nam a22001577a 4500</leader>
  <datafield tag="999" ind1=" " ind2=" ">
    <subfield code="c">518568</subfield>
    <subfield code="d">518568</subfield>
  </datafield>
  <controlfield tag="008">210929b           ||||| |||| 00| 0 eng d</controlfield>
  <datafield tag="100" ind1=" " ind2=" ">
    <subfield code="a">Baines, Erin and Oliveira, Camile</subfield>
    <subfield code="9">29636</subfield>
  </datafield>
  <datafield tag="245" ind1=" " ind2=" ">
    <subfield code="a">Securing the future: Transformative justice and children &#x2018;born of war&#x2019;</subfield>
  </datafield>
  <datafield tag="260" ind1=" " ind2=" ">
    <subfield code="a">Social &amp; Legal Studies  </subfield>
  </datafield>
  <datafield tag="300" ind1=" " ind2=" ">
    <subfield code="a">30(3), Jun, 2021: p.341-361</subfield>
  </datafield>
  <datafield tag="520" ind1=" " ind2=" ">
    <subfield code="a">Children born as the result of conflict related sexual violence often embody painful memories of war-affected communities. As a result, children &#x2018;born of war&#x2019; experience abuse and neglect, social isolation and a sense of never-belonging. Existing scholarship grapples with the challenges of seeking justice for children &#x2018;born of war&#x2019; given the complex ways their suffering is entangled with that of so many other victims. In post-conflict northern Uganda, a community-based organization composed of survivors of forced marriage and motherhood collectively seeks justice for their children in a process locally referred to as child tracing. The Women&#x2019;s Advocacy Network brings together differently affected victim groups to help identify the paternal relatives of their children, mediate conflict and transform fractious relationships in order to secure a future for their children. Through this process, children who once divided communities, propel a collective reach towards justice. &#x2013; Reproduced </subfield>
  </datafield>
  <datafield tag="650" ind1=" " ind2=" ">
    <subfield code="a">Children born of war, Post-conflict reconstruction, Survivor-led approaches, Transformative justi</subfield>
    <subfield code="9">27822</subfield>
  </datafield>
  <datafield tag="773" ind1=" " ind2=" ">
    <subfield code="a">Social &amp; Legal Studies </subfield>
  </datafield>
  <datafield tag="906" ind1=" " ind2=" ">
    <subfield code="a">CHILD WELFARE</subfield>
  </datafield>
  <datafield tag="942" ind1=" " ind2=" ">
    <subfield code="c">AR</subfield>
  </datafield>
  <datafield tag="952" ind1=" " ind2=" ">
    <subfield code="0">0</subfield>
    <subfield code="1">0</subfield>
    <subfield code="2">ddc</subfield>
    <subfield code="4">0</subfield>
    <subfield code="7">0</subfield>
    <subfield code="9">392637</subfield>
    <subfield code="a">IIPA</subfield>
    <subfield code="b">IIPA</subfield>
    <subfield code="d">2021-09-29</subfield>
    <subfield code="h">30(3), Jun, 2021: p.341-361</subfield>
    <subfield code="p">AR125698</subfield>
    <subfield code="r">2021-09-29</subfield>
    <subfield code="y">AR</subfield>
  </datafield>
  <datafield tag="952" ind1=" " ind2=" ">
    <subfield code="0">0</subfield>
    <subfield code="1">0</subfield>
    <subfield code="2">ddc</subfield>
    <subfield code="4">0</subfield>
    <subfield code="7">0</subfield>
    <subfield code="9">392638</subfield>
    <subfield code="a">IIPA</subfield>
    <subfield code="b">IIPA</subfield>
    <subfield code="d">2021-09-29</subfield>
    <subfield code="h">30(3), Jun, 2021: p.341-361</subfield>
    <subfield code="p">AR125699</subfield>
    <subfield code="r">2021-09-29</subfield>
    <subfield code="y">AR</subfield>
  </datafield>
</record>
